Oracle 10g Database administrator II: backup/recovery & network administration

Oracle 10g Database Administrator II: Backup/Recovery uses the most current database release from Oracle to provide thorough coverage of an Oracle database through the day-to-day duties of a database administrator. This text drills down key tools and techniques for Oracle database backup, recovery a...

Descrizione completa

Salvato in:
Dettagli Bibliografici
Autore principale: Rajan, Claire
Natura: Libro
Lingua:Undetermined
Pubblicazione: Australia; Boston, Mass. Thomson Course Technology 2007
Soggetti:
Tags: Aggiungi Tag
Nessun Tag, puoi essere il primo ad aggiungerne! !
Thư viện lưu trữ: Trung tâm Học liệu Trường Đại học Cần Thơ
LEADER 01449nam a2200205Ia 4500
001 CTU_214418
008 210402s9999 xx 000 0 und d
082 |a 005.86 
082 |b R111 
100 |a Rajan, Claire 
245 0 |a Oracle 10g Database administrator II: 
245 0 |b backup/recovery & network administration 
245 0 |c Claire Rajan 
260 |a Australia; Boston, Mass. 
260 |b Thomson Course Technology 
260 |c 2007 
520 |a Oracle 10g Database Administrator II: Backup/Recovery uses the most current database release from Oracle to provide thorough coverage of an Oracle database through the day-to-day duties of a database administrator. This text drills down key tools and techniques for Oracle database backup, recovery and network administration and provides good preparation for the update Oracle certification exam, Database Fundamentals I (#1Z0-043). In addition to extensive review material, the end of chapter content also includes comprehensive coverage of the exam objectives and exam-like practice questions. This text is the perfect compliment to the Oracle 10g: Database Administrator: Implementation and Administration (DBA1) text and the 1Z0-042 
650 |a Data recovery (Computer science),Database management,Phục hồi dữ liệu (khoa học máy tính),Quản trị cơ sỡ dữ liệu 
904 |i Nguyên 
980 |a Trung tâm Học liệu Trường Đại học Cần Thơ